| 000 | 00495nam a2200169Ia 4500 | ||
|---|---|---|---|
| 999 |
_c22542 _d22542 |
||
| 082 | _a307.14160954 BHA-; | ||
| 100 | _aBhattacharya, B. | ||
| 245 | 0 | _aUrban development in India: since prehistoric times | |
| 260 |
_aNew Delhi _bShree Publishing _c1979 |
||
| 300 | _avii, 360p. | ||
| 650 | _aUrban policy - India | ||
| 650 | _aCities and towns - Growth | ||
| 650 | _aSociology, Urban - India | ||
| 650 | _aIndia - Economic policy | ||
| 650 | _aUrbanization - India - History | ||
| 942 | _cBK | ||